Soccer Player by Eyes - Statistics

General Stats
  • This quiz has been taken 74 times
  • The average score is 9 of 12
Answer Stats
Picture Hint Answer % Correct
Lionel Messi
100%
Pele
95%
Cristiano Ronaldo
93%
Mohamed Salah
93%
Eden Hazard
86%
Diego Maradona
84%
Kylian Mbappe
80%
Luis Suarez
77%
Christian Pulisic
64%
Mario Balotelli
52%
Thibaut Courtois
39%
Plays for Cincinatti DeAndre Yedlin
9%
No matching quizzes found
Score Distribution
Percent of People with Each Score
Percentile by Number Answered
Your Score History
You have not taken this quiz